| 000 | 00720nam a2200217 a 4500 | ||
|---|---|---|---|
| 001 | 21838 | ||
| 003 | CO-ViMGA | ||
| 008 | 141112s2004 ck r 000 u spa d | ||
| 020 | _a9589777309 | ||
| 040 |
_aCO-ViMGA _bspa _cCO-ViMGA |
||
| 082 | 0 | 4 | _aCo863.6 P134p |
| 100 | 1 |
_aPadilla, Constanza _931156 |
|
| 245 | 1 | 0 |
_aPedro Urdemales : _bLos viajes de un pícaro |
| 260 |
_aBogotá : _bEdiciones B, _c2006 |
||
| 300 | _a79 | ||
| 590 | _aForma de adquisición : Donación fact. 8859 - - Precio : 15000 - - Proveedor : Fundación exito - - Fecha de adquisición : Julio 2007 | ||
| 650 | 1 | 4 |
_aHISTORIAS DE AVENTURAS _9870 |
| 650 | 1 | 4 |
_aNOVELA COLOMBIANA _91193 |
| 650 | 1 | 4 |
_aVIAJES EN LA LITERATURA _92097 |
| 942 |
_2ddc _cBK |
||
| 999 |
_c30387 _d30387 |
||